000 00809nam a22002057a 4500
999 _c13926
_d13926
003 AR-CdUCM
008 190417b ||||| |||| 00| 0 spa d
040 _aMUNICIPALIDAD PROVINCIAL DEL CUSCO
_cBIBLIOTECA MUNICIPAL DEL CUSCO
082 _a759.985 /
_bZ86
100 _aZora Carvajal, Fortunato
_924420
245 _aFrancisco Laso de los Ríos :
_b notable pintor y periodista /
260 _aTacna :
_c1975.
300 _a150 paginas ;
_bIlustraciones,
_c21 cm.
505 _aContenido : Nacimiento infancia y adolescencia -- Habitante de la cordillera -- La pascana y la cordillera -- Segundo viaje a Europa -- San Pedro Apóstol
650 _aObras del artista
_932543
650 _aPintor peruano
_913913
650 _aPinturas peruanas
_927068
942 _2ddc
_cLIBROS
945 _awnts
_d2019-04-17